1861 1230 2000 1669 1554 1892 1774 1735 1428 1891 1771 1576 1631 1940 1709 1287 1074 1381 1112 1786 1240 1068 1771 1842 1356 1395 1644 1779 1784 1084 1063 1062 1890 1211 1493 1670 1674 1747 1542 1643 1321 1025 1008 1240 1523 1285 1697 1724 1792 1590 1933 1017 1998 1050 1353 1438 1730 1640 1267 1530 1205 1376 1163 1490 1036 1239 1338 1574 1021 1875 1317 1048 1776 1786 1569 1833 1131 1677 1310 1249 1245 1314 1746 1920 1513 1141 1107 1877 1879 1926 1978 1221 1968 1402 1064 1624 1139 1894 1827 BCNSPRNW ULIB Ver.6.0+V

เปลี่ยนเป็นภาษาไทย

Change to English
 แสดงรายละเอียดบรรณานุกรม
  กลับหน้าหลัก

Brief Record : Get Marc (ISO 2709) : E-mail record : QR code < ปิดหน้าต่าง
LEADER : 00000nam 2200000uu 4500
001    13399123991
003     ULIB
008    141219s2557||||th 000 0 tha d
020    ^a9786163441836
060 04 ^aWD300^bป121ต
100 0  ^aเนตรดาว สุวรรณศักดิ์บวร
245 10 ^aผื่นแพ้สัมผัสนานาโรคภูมิแพ้/^cเนตรดาว สุวรรณศักดิ์บวร
250    ^aพิมพ์ครั้งที่ 1
260    ^aกรุงเทพฯ :^bFeel good,^c2557
300    ^a222 หน้า :^bภาพประกอบ ;^c21 ซม.
650  7 ^aภูมิแพ้
650  7 ^aโพรงจมูกอักเสบ
650  7 ^aหืด
700 0  ^aสุจินตนา สืบสีสุก,^eบรรณาธิการ
945    ^p180^l0^i037510
945    ^p180^l0^i037511
945    ^p180^l0^i037512
945    ^p180^l0^i037513
945    ^p180^l0^i037514
945    ^p180^l0^i037515
945    ^p180^l0^i0377516
945    ^p180^l0^i039353
999    ^aเกษร โพธิ์สุวรรณ
รายการนี้ยังไม่มีแท็ก
คุณยังไม่ได้ล็อกอิน คุณสามารถมีกิจกรรมร่วมกับเว็บไซต์ได้ แต่ต้องล็อกอินก่อน ::
  ล็อกอิน

รายการสื่อสารสนเทศ

ลำดับที่ ประเภท เลขเรียก/บาร์โค้ด สถานที่ สถานะ
1. วิทยาศาสตร์การแพทย์ และสุขภาพ
วิทยาศาสตร์การแพทย์ และสุขภาพ
สถานะ=หนังสือเก่า
WD300 ป121ต ฉ.1 
  Barcode: 037510
ห้องสมุดวิทยาเขตสวรรค์ประชารักษ์
►ส่วนจัดเก็บหนังสือเก่า สปร
บนชั้น
  ขอยืม
2. วิทยาศาสตร์การแพทย์ และสุขภาพ
วิทยาศาสตร์การแพทย์ และสุขภาพ
สถานะ=หนังสือเก่า
WD300 ป121ต ฉ.2 
  Barcode: 037511
ห้องสมุดวิทยาเขตสวรรค์ประชารักษ์
►ส่วนจัดเก็บหนังสือเก่า สปร
บนชั้น
  ขอยืม
3. วิทยาศาสตร์การแพทย์ และสุขภาพ
วิทยาศาสตร์การแพทย์ และสุขภาพ
สถานะ=หนังสือเก่า
WD300 ป121ต ฉ.3 
  Barcode: 037512
ห้องสมุดวิทยาเขตสวรรค์ประชารักษ์
►ส่วนจัดเก็บหนังสือเก่า สปร
บนชั้น
  ขอยืม
4. วิทยาศาสตร์การแพทย์ และสุขภาพ
วิทยาศาสตร์การแพทย์ และสุขภาพ
สถานะ=หนังสือเก่า
WD300 ป121ต ฉ.4 
  Barcode: 037513
ห้องสมุดวิทยาเขตสวรรค์ประชารักษ์
►ส่วนจัดเก็บหนังสือเก่า สปร
บนชั้น
  ขอยืม
5. วิทยาศาสตร์การแพทย์ และสุขภาพ
วิทยาศาสตร์การแพทย์ และสุขภาพ
สถานะ=หนังสือเก่า
WD300 ป121ต ฉ.5 
  Barcode: 037514
ห้องสมุดวิทยาเขตสวรรค์ประชารักษ์
►ส่วนจัดเก็บหนังสือเก่า สปร
บนชั้น
  ขอยืม
6. วิทยาศาสตร์การแพทย์ และสุขภาพ
วิทยาศาสตร์การแพทย์ และสุขภาพ
สถานะ=หนังสือเก่า
WD300 ป121ต ฉ.6 
  Barcode: 037515
ห้องสมุดวิทยาเขตสวรรค์ประชารักษ์
►ส่วนจัดเก็บหนังสือเก่า สปร
บนชั้น
  ขอยืม
7. วิทยาศาสตร์การแพทย์ และสุขภาพ
วิทยาศาสตร์การแพทย์ และสุขภาพ
WD300 ป121ต ฉ.7 
  Barcode: 0377516
ห้องสมุดวิทยาเขตสวรรค์ประชารักษ์
►หนังสือทั่วไป
บนชั้น
8. วิทยาศาสตร์การแพทย์ และสุขภาพ
วิทยาศาสตร์การแพทย์ และสุขภาพ
สถานะ=หนังสือเก่า
WD300 ป121ต ฉ.8 
  Barcode: 039353
ห้องสมุดวิทยาเขตสวรรค์ประชารักษ์
►ส่วนจัดเก็บหนังสือเก่า สปร
บนชั้น
  ขอยืม

รายการใกล้เคียง
    ผู้แต่ง [เนตรดาว สุวรรณศักดิ์บวร]

    หัวเรื่อง [ภูมิแพ้]
    หัวเรื่อง [โพรงจมูกอักเสบ]
    หัวเรื่อง [หืด]

BibComment


ยังไม่เคยถูกคอมเมนท์

คอมเมนท์ทรัพยากรรายการนี้
  คอมเมนท์: ผื่นแพ้สัมผัสนาน..


 Copyright 2026. Bcnsprnw @Library